Piłkarze SC Braga - nagła śmierć - Statystyki

Ogólne statystyki
  • Ten quiz został rozwiązany 38 razy
  • Średni wynik to 3 z 9
Answers on the Grid
Answers color-coded by a green-red scale on the quiz's grid according to % correct below.
Luis Díaz
Diego Costa
Alisson
João Cancelo
João Palhinha
Eduardo Camavinga
William Carvalho
Pedro Neto
Nicolas Jackson
Francisco Trincão
João Moutinho
David Villa
Rafa Silva
Ederson
Ricardo Horta
Bojan Krkić
Lucas Piazón
Éder
Nicklas Bendtner
Moisés Caicedo
 
Statystyki odpowiedzi
Odpowiedź % Poprawnych
Éder
44%
João Moutinho
41%
Rafa Silva
41%
Ricardo Horta
41%
Francisco Trincão
38%
João Palhinha
38%
Lucas Piazón
28%
Diego Costa
22%
Pedro Neto
16%
Nie znaleziono quizów pasujących do podanych kryteriów
Rozkład punktacji
Procent ludzi z każdym wynikiem
Percentyl według liczby udzielonych odpowiedzi
Twoja historia wyników
Nie rozwiązałeś tego quizu